| 000 | 00958cam a2200265K 4500 | ||
|---|---|---|---|
| 001 | 62485 | ||
| 005 | 20230410101848.0 | ||
| 008 | 930731s1950 pe 000 0 spa d | ||
| 035 | _a(OCoLC)ocm28548795 | ||
| 040 |
_aPIT _cPIT _dTXH _dOCLCG |
||
| 035 | _a(OCoLC)28548795 | ||
| 050 | 1 | 4 |
_a118 F 1231 _bN973t 1950 |
| 100 | 1 |
_aNúñez y Domínguez, José de J. _q(José de Jesús), _d1887- |
|
| 245 | 1 | 3 |
_aEl tapado de México y el de Santo Domingo / _cpor José de J. Núñez Domínguez ; Fr. Cipriano de Utrera. |
| 260 |
_aCiudad Trujillo, Rep. Dominicana : _bTipografía Franciscana, _c1950. |
||
| 300 |
_a171 p. _c19 cm. |
||
| 600 | 1 | 0 |
_aBenavides, Antonio de, _cmarqués de San Vicente, d 1684. |
| 650 | 0 | _aFranco de Acevedo, Luis. | |
| 651 | 0 |
_aMexico _xPolitics and government _y1988-2000 |
|
| 700 | 2 |
_aCipriano de Utrera, Father, _d1886- |
|
| 740 | _aEl tapado de Santo Domingo. | ||
| 942 |
_2lcc _cbk |
||
| 994 |
_aC0 _bDRFGD |
||
| 946 | _acsexposito | ||
| 999 |
_c15115 _d15115 |
||